[Event "RC Province-ch"]
[Site "Locri"]
[Date "2007.03.04"]
[Round "4"]
[White "Primerano, Ferdinando"]
[Black "Carabetta, Alfredo"]
[Result "0-1"]
[WhiteElo "1461"]
[BlackElo "1512"]
[PlyCount "82"]
[EventDate "2007.03.02"]
[EventType "swiss"]
[EventRounds "5"]
[EventCountry "ITA"]
[SourceTitle "EXT 2010"]
[Source "ChessBase"]
[SourceDate "2010.11.25"]
[SourceVersion "1"]
[SourceVersionDate "2010.11.25"]
[SourceQuality "1"]

1. e4 c6 2. c4 d5 3. Nc3 dxe4 4. d3 exd3 5. Bxd3 Nf6 6. Nf3 Bg4 7. 0-0 Qc7 8. Bd2 Nbd7 9. Be2 0-0-0 10. b4 e6 11. a3 Bd6 12. g3 h5 13. Be3 h4 14. Nxh4 Rxh4 15. gxh4 Bxh2+ 16. Kg2 Rh8 17. Bg5 Ne5 18. f4 Bxe2 19. Qxe2 Neg4 20. Kh3 e5 21. Ne4 Bxf4 22. Bxf4 exf4 23. Nxf6 Nxf6 24. Qf2 g5 25. Rh1 Rxh4+ 26. Kg2 Ne4 27. Qf3 Nd2 28. Rxh4 Nxf3 29. Rh8+ Kd7 30. Kxf3 Qe5 31. Rd1+ Kc7 32. Rh7 Qe3+ 33. Kg4 Qe2+ 34. Kf5 Qc2+ 35. Kxg5 Qxh7 36. Kxf4 Qc2 37. Rd4 Qc1+ 38. Ke5 Qxa3 39. b5 Qe3+ 40. Re4 Qxe4+ 41. Kxe4 cxb5 0-1